ბათუმის შოთა რუსთაველის სახელმწიფო უნივერსიტეტის ბიბლიოთეკა

ტყვიავის ყორღანული სამარხების არქეოლოგიური გათხრები = Archaeological excavations of barrow funeral grounds in the village of Tkviavi = Археологические раскопки курганных погребении в сел. Тквиави / (ბიბ.ჩანაწერი № 61595)

000 -ლიდერი
ფიქსირებული სიგრძის საკონტროლო ველი 01634nam a22002057a 4500
003 - საკონტროლო ნომრის იდენტიფიკატორი
საკონტროლო ველი Ge_BSU
005 - ბოლო ოპერაციის თარიღი და დრო
საკონტროლო ველი 20240326163250.0
008 - ფიქსირებული სიგრძის მონაცემთა ელემენტები - ზოგადი ინფორმაცია
ფიქსირებული სიგრძის საკონტროლო ველი 240326s1943 ge ||||| |||| 00| 0 geo d
041 ## - ენის კოდი
Language code of text/sound track or separate title geo
080 ## - უნივერსალური ათობითი კლასიფიკაციის ინდექსი
Universal Decimal Classification number 903.53(479.22.1) მ-19
100 ## - მთავარი ჩანაწერი - პიროვნების სახელი
Personal name მაკალათია, სერგი, ავტორი.
9 (RLIN) 21602
245 ## - ცნობა სათაურის შესახებ
Title ტყვიავის ყორღანული სამარხების არქეოლოგიური გათხრები = Archaeological excavations of barrow funeral grounds in the village of Tkviavi = Археологические раскопки курганных погребении в сел. Тквиави /
Statement of responsibility, etc ს. მაკალათია.
264 ## - წარმოების, გამოცემის, დისტრიბუციის და სხვა ცნობები
გამოცემის, წარმოების, დისტრიბუციის... ადგილი თბილისი,
გამოცემის, წარმოების, დისტრიბუციის... თარიღი 1943.
300 ## - ფიზიკური აღწერა
Extent 62 გვ. ;
Other physical details ილ;
Dimensions 23 სმ.
440 ## - სერიის ცნობა / დამატებულია ჩანაწერი - სათაური
Title გორის სახ. ისტორიულ-ეთნოგრაფიული მუზეუმის შრომები ; 1
9 (RLIN) 21603
520 ## - SUMMARY, ETC.
Summary, etc რეზიუმე რუსულ და ინგლისურ ენებზე
546 ## - LANGUAGE NOTE
Language note თავფურცელი ქართ. და ინგლისურ ენებზე.
დამატებითი თავფურცელი რუსულ ენ.
წინასიტყვაობა რედაქტორისაგან - პროფ. ბ.ა. კუფტინი, რუსულ ენაზე.
653 ## - INDEX TERM--UNCONTROLLED
Uncontrolled term არქეოლოგიური გათხრები ტყვიავში. ყორღანული სამარხები.
942 ## - ADDED ENTRY ELEMENTS (KOHA)
Source of classification or shelving scheme
Koha item type წიგნი
ეგზემპლარები
ჩამოწერის სტატუსი დაკარგული ეგზემპლარის სტატუსი კლასიფიკაციის წყარო ან თაროზე გაწყობის სქემა დაზიანების სტატუსი არ გაიცემა მუდმივი მდებარეობა (დაცვის ადგილი) ამჟამინდელი ადგილსამყოფელი თაროზე განთავსების ადგილი შეძენის თარიღი ღირებულება, შესყიდვის ნორმალური ფასი სრული შენახვის შიფრი შტრიხკოდი ბოლო ოპერაციის თარიღი ეგზემპლარის მიმდევრობითი ნომერი (კეტერი?) Uniform Resource Identifier ფასის ძალაში შესვლის თარიღი ეგზემპლარის სახეობა საჯარო შენიშვნა
          ბათუმის შოთა რუსთაველის სახელმწიფო უნივერსიტეტის მთავარი ბიბლიოთეკა ბათუმის შოთა რუსთაველის სახელმწიფო უნივერსიტეტის მთავარი ბიბლიოთეკა წიგნსაცავი 2024-03-26 5.00 903.53(479.22.1) მ-19 65836 2024-03-26 65836 ბსუ-ს საპატიო დოქტორის გურამ ლორთქიფანიძის საჩუქარი 2024-03-26 წიგნი 5.00